<?xml version="1.0" encoding="UTF-8"?>
<marc:record xmlns:marc="http://www.loc.gov/MARC21/slim">
   <marc:leader>00000nam a2200000 a 4500</marc:leader>
   <marc:datafield ind1="1" ind2=" " tag="100">
      <marc:subfield code="a">Roberts, Nora</marc:subfield>
      <marc:subfield code="4">aut</marc:subfield>
      <marc:subfield code="e">Verfasser/-in</marc:subfield>
   </marc:datafield>
   <marc:datafield ind1="0" ind2="0" tag="245">
      <marc:subfield code="a">Lilienträume</marc:subfield>
   </marc:datafield>
   <marc:datafield ind1=" " ind2="1" tag="264">
      <marc:subfield code="b">Blanvalet</marc:subfield>
      <marc:subfield code="c">2013</marc:subfield>
   </marc:datafield>
   <marc:datafield ind1="1" ind2=" " tag="490">
      <marc:subfield code="a">Blüten-Trilogie</marc:subfield>
   </marc:datafield>
   <marc:datafield ind1="1" ind2=" " tag="520">
      <marc:subfield code="a">Listen, Pläne, Termine Owen Montgomery hat alles im Griff. Zumindest beruflich. Der Umbau des alten Hotels, den er zusammen mit seinen Brüdern Beckett und Ryder und ihrer Mutter Justine in Angriff genommen hat, geht gut voran, und auch sonst läuft in seinem Leben alles wie geplant. Doch eine Sache tauchte bisher auf keiner seiner Listen auf: seine Jugendliebe Avery Mac Tavish. Der Rotschopf schleicht sich immer öfter in seine Gedanken, die sich doch eigentlich mit Inneneinrichtung und der großen Eröffnung des Boons Boro Inn beschäftigen sollten. </marc:subfield>
   </marc:datafield>
   <marc:datafield ind1=" " ind2=" " tag="020">
      <marc:subfield code="a">9783442381449</marc:subfield>
      <marc:subfield code="9">9783442381449</marc:subfield>
   </marc:datafield>
</marc:record>
